[Event "Oberhausener SV 1 - DJK Aufwärts Aachen"]
[Site "Oberliga NRW 2016/2017"]
[Date "2016.12.11"]
[Round "4.5"]
[White "Gulbas, Cemil"]
[Black "Kummerow, Heiko"]
[Result "1-0"]
[WhiteElo "2340"]
[BlackElo "2165"]
[PlyCount "71"]
[EventDate "2016.??.??"]
[WhiteTeam "DJK Aufwärts Aachen 2"]
[BlackTeam "Oberhausener SV 1"]

1. d4 Nf6 2. c4 g6 3. Nc3 Bg7 4. e4 d6 5. Be2 O-O 6. Be3 e5 7. d5 a5 8. g4 Na6
9. g5 Ne8 10. h4 f5 11. gxf6 Nxf6 12. h5 gxh5 13. Bxh5 Nc5 14. Bf3 Bd7 15. Qe2
c6 16. Rd1 cxd5 17. Nxd5 Nxd5 18. Rxd5 Bc6 19. Bg4 Bxd5 20. cxd5 Qe8 21. Nf3
Qg6 22. Rh4 Nxe4 23. Bh5 Qf5 24. Bg4 Qg6 25. Bh5 Qf5 26. Bg4 Qf6 27. Qc2 Qg6
28. Bh5 Qf5 29. Qxe4 Qxe4 30. Rxe4 Rac8 31. Kd1 b5 32. Bg4 Rc4 33. Rxc4 bxc4
34. Nd2 Rf6 35. Nxc4 Bh6 36. Be6+ 1-0

[Event "Oberhausener SV 1 - DJK Aufwärts Aachen"]
[Site "Oberliga NRW 2016/2017"]
[Date "2016.12.11"]
[Round "4.6"]
[White "Stillger, Bernhard"]
[Black "Marcziter, Dmitrii"]
[Result "1/2-1/2"]
[WhiteElo "2240"]
[BlackElo "2254"]
[Annotator "Hausrath,Daniel"]
[PlyCount "35"]
[EventDate "2016.??.??"]
[WhiteTeam "Oberhausener SV 1"]
[BlackTeam "DJK Aufwärts Aachen 2"]

1. Nf3 d5 2. d4 c5 3. c4 e6 4. cxd5 exd5 5. Nc3 Nc6 6. dxc5 Bxc5 7. Nxd5 Be6 8.
e4 Nge7 9. Bc4 O-O 10. O-O Bxd5 $11 11. exd5 Na5 12. b3 a6 13. a4 Rb8 14. Bd2
Nxc4 15. bxc4 b5 16. axb5 axb5 17. Bf4 Bd6 18. Bxd6 1/2-1/2

[Event "Oberhausener SV 1 - DJK Aufwärts Aachen"]
[Site "Oberliga NRW 2016/2017"]
[Date "2016.12.11"]
[Round "4.7"]
[White "Lenaerts, Lennert"]
[Black "Ciornei, Dragos"]
[Result "1-0"]
[WhiteElo "2292"]
[BlackElo "2124"]
[PlyCount "75"]
[EventDate "2016.??.??"]
[WhiteTeam "DJK Aufwärts Aachen 2"]
[BlackTeam "Oberhausener SV 1"]

1. d4 g6 2. c4 Bg7 3. e4 d6 4. Nc3 Nf6 5. h3 O-O 6. Be3 e5 7. d5 a5 8. c5 Na6
9. cxd6 cxd6 10. Rc1 Bd7 11. Nf3 Rc8 12. Bxa6 bxa6 13. O-O a4 14. Qd3 Qa5 15.
Nd2 Rc7 16. Nc4 Qb4 17. Nb6 Bb5 18. Nxb5 Rxc1 19. Rxc1 axb5 20. a3 Qxe4 21.
Qxb5 Rb8 22. Qc4 Qf5 23. Qxa4 e4 24. Qc6 Bf8 25. Bd4 e3 26. fxe3 Qg5 27. Rf1
Be7 28. a4 Ne4 29. a5 Nd2 30. Rf2 Ne4 31. Rf4 Ng3 32. Qc4 Qh5 33. Rf3 Nf5 34.
a6 Nh4 35. Rf2 Qd1+ 36. Qf1 Qb3 37. a7 Rxb6 38. Rxf7 1-0

[Event "Oberhausener SV 1 - DJK Aufwärts Aachen"]
[Site "Oberliga NRW 2016/2017"]
[Date "2016.12.11"]
[Round "4.8"]
[White "Voge, Andreas"]
[Black "Tochtenhagen, Wolfgang"]
[Result "1/2-1/2"]
[WhiteElo "2099"]
[BlackElo "2072"]
[PlyCount "78"]
[EventDate "2016.??.??"]
[WhiteTeam "Oberhausener SV 1"]
[BlackTeam "DJK Aufwärts Aachen 2"]

1. e4 c5 2. Nf3 Nc6 3. d4 cxd4 4. Nxd4 g6 5. c4 Nf6 6. Nc3 Nxd4 7. Qxd4 d6 8.
Bg5 Bg7 9. Be2 O-O 10. Qd2 Bd7 11. O-O Bc6 12. f3 a5 13. Rab1 a4 14. b4 axb3
15. axb3 Qb6+ 16. Kh1 Qb4 17. Qc2 Rfc8 18. Bd2 Qa3 19. b4 Ba4 20. Qd3 Bd7 21.
f4 Be6 22. e5 Bxc4 23. Qf3 Bxe2 24. Qxe2 Rxc3 25. Bxc3 Qxc3 26. exf6 Bxf6 27.
Qe4 Qc6 28. Qe2 Rc8 29. b5 Qc4 30. Qxc4 Rxc4 31. Rfc1 Rxc1+ 32. Rxc1 b6 33. Rc7
Kf8 34. g4 h6 35. Kg2 Bd4 36. Kf3 f5 37. gxf5 gxf5 38. Kg3 Kf7 39. h3 Kf6
1/2-1/2

[Event "SF Gerresheim 1 - SC Rochade Emsdetten "]
[Site "NRW-Klasse, Gruppe 2 2016/201"]
[Date "2016.11.13"]
[Round "3.1"]
[White "Kabatianski, Alexander"]
[Black "Orlov, Andrey"]
[Result "1/2-1/2"]
[WhiteElo "2332"]
[BlackElo "2444"]
[PlyCount "28"]
[EventDate "2016.??.??"]
[WhiteTeam "SC Rochade Emsdetten 1"]
[BlackTeam "SF Gerresheim 1"]

1. d4 d5 2. c4 e6 3. Nf3 Nf6 4. Nc3 Nbd7 5. Bg5 Be7 6. e3 c6 7. Rc1 O-O 8. Bd3
dxc4 9. Bxc4 Nd5 10. Bxe7 Qxe7 11. Ne4 N5b6 12. Bb3 e5 13. O-O h6 14. Qc2 exd4
1/2-1/2

[Event "SF Gerresheim 1 - SC Rochade Emsdetten "]
[Site "NRW-Klasse, Gruppe 2 2016/201"]
[Date "2016.11.13"]
[Round "3.2"]
[White "Stets, Dmitry"]
[Black "Hiller, Simon"]
[Result "1-0"]
[WhiteElo "2425"]
[BlackElo "2148"]
[Annotator "Hausrath,Daniel"]
[PlyCount "115"]
[EventDate "2016.??.??"]
[WhiteTeam "SF Gerresheim 1"]
[BlackTeam "SC Rochade Emsdetten 1"]

1. e4 c6 2. d4 d5 3. exd5 cxd5 4. c4 Nf6 5. Nc3 Nc6 6. Bg5 Ne4 7. Nxe4 dxe4 8.
d5 Ne5 9. Qd4 f6 10. Be3 e6 11. O-O-O exd5 12. cxd5 Bg4 13. Be2 Bc5 14. Qxe4
Bxe3+ 15. fxe3 Qc8+ 16. Kd2 O-O 17. Rc1 Qd7 18. Nf3 Bxf3 19. gxf3 Rad8 20. Rhd1
Qxd5+ 21. Qxd5+ Rxd5+ 22. Ke1 Rxd1+ 23. Rxd1 Re8 24. f4 Nc6 25. Bc4+ Kf8 26.
Ke2 Re7 27. Rd6 Rc7 28. Bb3 Na5 29. Rd8+ Ke7 30. Rg8 Kd6 31. Bd1 Nc4 $11 32. b4
Re7 33. Rd8+ Kc7 34. Rd3 Nd6 35. Rc3+ Kd8 36. Bc2 h6 37. h4 Nb5 38. Rc4 Nd6 39.
Rc5 Ne4 40. Rd5+ Kc7 41. Kd3 Nd6 42. Rc5+ Kd8 43. Kd4 Rc7 44. h5 Rxc5 45. Kxc5
Kc7 46. Bd3 Kd7 47. Kd5 Ke7 48. a4 Ne8 49. Kc5 Nc7 50. Bc4 Kd7 51. a5 Ke7 52.
e4 Ne8 53. Bd5 Nc7 54. b5 Nxd5 55. exd5 f5 56. a6 bxa6 57. Kc6 axb5 58. Kc7 1-0

[Event "SF Gerresheim 1 - SC Rochade Emsdetten "]
[Site "NRW-Klasse, Gruppe 2 2016/201"]
[Date "2016.11.13"]
[Round "3.3"]
[White "De Groote, Ewoud"]
[Black "Orzech, Dominik"]
[Result "0-1"]
[WhiteElo "2275"]
[BlackElo "2395"]
[PlyCount "54"]
[EventDate "2016.??.??"]
[WhiteTeam "SC Rochade Emsdetten 1"]
[BlackTeam "SF Gerresheim 1"]

1. Nf3 Nf6 2. c4 g6 3. Nc3 Bg7 4. d4 O-O 5. e4 d6 6. Be2 c5 7. d5 a6 8. a4 e6
9. Nd2 exd5 10. cxd5 Re8 11. O-O Nbd7 12. Qc2 Ne5 13. Re1 Nh5 14. Nf1 f5 15.
Ng3 Nxg3 16. hxg3 Rb8 17. Bd2 h5 18. Qc1 c4 19. a5 b5 20. axb6 Qxb6 21. Ra2
fxe4 22. Nxe4 Bf5 23. Nc3 Nd3 24. Bxd3 cxd3 25. Qa1 Bd4 26. Rf1 Re2 27. Nxe2
dxe2 0-1

[Event "SF Gerresheim 1 - SC Rochade Emsdetten "]
[Site "NRW-Klasse, Gruppe 2 2016/201"]
[Date "2016.11.13"]
[Round "3.4"]
[White "Bogdanov, Egor"]
[Black "Lehmann, Holger"]
[Result "1-0"]
[WhiteElo "2376"]
[BlackElo "2097"]
[Annotator "Hausrath,Daniel"]
[PlyCount "115"]
[EventDate "2016.??.??"]
[WhiteTeam "SF Gerresheim 1"]
[BlackTeam "SC Rochade Emsdetten 1"]

1. e4 c5 2. Nf3 Nc6 3. d4 cxd4 4. Nxd4 Qb6 5. Nb3 Nf6 6. Nc3 e6 7. Be3 Qc7 8.
a3 d6 9. Qd2 Be7 10. O-O-O a6 11. f3 h5 12. Qf2 b5 13. Bb6 Qb8 14. Na5 Ne5 15.
f4 Ned7 16. Bd4 Qc7 17. Nb3 Bb7 18. e5 dxe5 19. fxe5 Ne4 20. Qe1 Nxc3 21. Bxc3
Rc8 22. Bd3 Bd5 23. Kb1 Nb6 24. Bb4 Bxb4 25. Qxb4 Nc4 $11 26. Rhe1 Qe7 27. Nd4
h4 28. Be4 Qxb4 29. axb4 Bxe4 30. Rxe4 Rd8 31. Rd3 Rd5 32. Nf3 h3 33. g3 Rxd3
34. cxd3 Nb6 35. Nd4 Nd5 36. Nb3 Rh5 37. g4 Rg5 38. Nc5 f5 39. exf6 Nxf6 40.
Rxe6+ Kf7 41. Re3 a5 42. Ne6 Rxg4 43. bxa5 Ra4 44. Nd8+ Kf8 45. Nc6 Nd5 46.
Rxh3 Ke8 47. Rh5 Kd7 48. Rxd5+ Kxc6 49. Rg5 Rh4 50. Rxg7 Rxh2 51. a6 Rh4 52.
Kc2 Ra4 53. b3 Ra1 54. Kb2 Rh1 55. Kc3 Kb6 56. Rg6+ Ka5 57. b4+ Ka4 58. a7 1-0

[Event "SF Gerresheim 1 - SC Rochade Emsdetten "]
[Site "NRW-Klasse, Gruppe 2 2016/201"]
[Date "2016.11.13"]
[Round "3.5"]
[White "Paalman, Henk-Jan"]
[Black "Kooijmans, Jermo"]
[Result "0-1"]
[WhiteElo "2132"]
[BlackElo "2178"]
[PlyCount "54"]
[EventDate "2016.??.??"]
[WhiteTeam "SC Rochade Emsdetten 1"]
[BlackTeam "SF Gerresheim 1"]

1. d4 Nf6 2. Nf3 e6 3. g3 d5 4. Bg2 Be7 5. O-O O-O 6. Nbd2 b6 7. c4 Bb7 8. Ne5
Nbd7 9. Ndf3 c5 10. Nxd7 Nxd7 11. dxc5 Nxc5 12. cxd5 Bxd5 13. Ne5 Bxg2 14. Kxg2
Qc7 15. Nf3 Bf6 16. Qc2 Qb7 17. Kg1 Rac8 18. Be3 Rfd8 19. Rab1 Qa6 20. b4 Na4
21. Qb3 Nc3 22. b5 Qxa2 23. Kg2 Qxe2 24. Rbc1 Nd5 25. Rxc8 Rxc8 26. Re1 Nxe3+
27. Kg1 Qxf3 0-1

[Event "SF Gerresheim 1 - SC Rochade Emsdetten "]
[Site "NRW-Klasse, Gruppe 2 2016/201"]
[Date "2016.11.13"]
[Round "3.6"]
[White "Dresen, Ulrich"]
[Black "Mueller, Achim"]
[Result "1-0"]
[WhiteElo "2175"]
[BlackElo "2034"]
[PlyCount "79"]
[EventDate "2016.??.??"]
[WhiteTeam "SF Gerresheim 1"]
[BlackTeam "SC Rochade Emsdetten 1"]

1. d4 f5 2. Nf3 Nf6 3. Bg5 d5 4. Nbd2 Be6 5. e3 Nbd7 6. c4 c6 7. Bd3 Ne4 8. Bf4
g6 9. Qc2 Qa5 10. O-O Nxd2 11. Nxd2 Bg7 12. b4 Qd8 13. Rab1 O-O 14. Rfc1 Qe8
15. b5 h6 16. bxc6 bxc6 17. h4 Bf7 18. Nf3 c5 19. cxd5 Bxd5 20. Bc4 Qf7 21. Rb7
Nb6 22. Bxd5 Qxd5 23. Rxe7 cxd4 24. exd4 Rfc8 25. Qe2 Nc4 26. Rc7 Rxc7 27. Bxc7
Nb6 28. Be5 Qe4 29. Qb2 Rd8 30. Re1 Qd5 31. Bxg7 Kxg7 32. Re7+ Kf6 33. Rxa7 Nc4
34. Qc1 Rh8 35. Rc7 Nd6 36. Rc6 Kg7 37. Rc7+ Kf6 38. Qe3 Ne4 39. Ne5 Nd6 40.
Nd7+ 1-0

[Event "SF Gerresheim 1 - SC Rochade Emsdetten "]
[Site "NRW-Klasse, Gruppe 2 2016/201"]
[Date "2016.11.13"]
[Round "3.7"]
[White "Lemli, Thomas"]
[Black "Volkov, Mykyta"]
[Result "0-1"]
[WhiteElo "1999"]
[BlackElo "2175"]
[PlyCount "98"]
[EventDate "2016.??.??"]
[WhiteTeam "SC Rochade Emsdetten 1"]
[BlackTeam "SF Gerresheim 1"]

1. Nf3 Nf6 2. b3 d5 3. Bb2 Bf5 4. g3 e6 5. Bg2 Bd6 6. d3 O-O 7. Nbd2 Nbd7 8.
Nh4 Bg4 9. h3 Bh5 10. g4 Ne8 11. Ndf3 Bb4+ 12. c3 Be7 13. gxh5 Bxh4 14. h6 Bf6
15. hxg7 Bxg7 16. Qc2 c6 17. h4 Nd6 18. Bh3 e5 19. O-O-O Kh8 20. Rdg1 f6 21. c4
d4 22. Ba3 c5 23. Bxd7 Qxd7 24. Bxc5 Rfc8 25. Ba3 b5 26. Kb1 a5 27. h5 Rab8 28.
Nd2 Bh6 29. Ka1 a4 30. Bxd6 Qxd6 31. Ne4 Qe7 32. Ng3 axb3 33. axb3 Ra8+ 34. Kb1
Qa7 35. Qb2 Bd2 36. Ne4 Bc3 37. Nxc3 dxc3 38. Qxc3 Qa2+ 39. Kc1 bxc4 40. dxc4
Rab8 41. Qc2 Qa1+ 42. Kd2 Rd8+ 43. Ke3 Qd4+ 44. Kf3 Qf4+ 45. Kg2 Rd2 46. Qc3
Rg8+ 47. Kh3 Qf5+ 48. Kh2 Qxf2+ 49. Kh3 Qf5+ 0-1

[Event "SF Gerresheim 1 - SC Rochade Emsdetten "]
[Site "NRW-Klasse, Gruppe 2 2016/201"]
[Date "2016.11.13"]
[Round "3.8"]
[White "Selten, Jan"]
[Black "Noering, Andreas"]
[Result "1/2-1/2"]
[WhiteElo "2071"]
[BlackElo "1836"]
[PlyCount "39"]
[EventDate "2016.??.??"]
[WhiteTeam "SF Gerresheim 1"]
[BlackTeam "SC Rochade Emsdetten 1"]

1. e4 e5 2. Bc4 Nc6 3. Nf3 Bc5 4. c3 Nf6 5. d4 exd4 6. cxd4 Bb4+ 7. Bd2 Bxd2+
8. Nbxd2 d5 9. exd5 Nxd5 10. Qb3 Nce7 11. O-O O-O 12. Rfe1 c6 13. a4 Qb6 14. a5
Qxb3 15. Bxb3 Bf5 16. Ne5 a6 17. Ne4 Bxe4 18. Rxe4 Rad8 19. Nd3 Nf5 20. Bxd5
1/2-1/2

[Event "SV Erkenschwick 1 - Herforder SV Königs"]
[Site "NRW-Klasse, Gruppe 2 2016/201"]
[Date "2016.11.13"]
[Round "3.1"]
[White "Kirnos, Evgeni"]
[Black "Erwich, Frank"]
[Result "1/2-1/2"]
[WhiteElo "2156"]
[BlackElo "2307"]
[PlyCount "30"]
[EventDate "2016.??.??"]
[WhiteTeam "Herforder SV Königsspringer 1"]
[BlackTeam "SV Erkenschwick 1"]

1. d4 Nf6 2. Nf3 e6 3. Bf4 b6 4. e3 Bb7 5. Bd3 d5 6. c3 Bd6 7. Bxd6 Qxd6 8. Ne5
O-O 9. Nd2 c5 10. O-O Nbd7 11. f4 cxd4 12. exd4 Ne4 13. Qe2 Ndf6 14. Rad1 Qc7
15. Ng4 Nxg4 1/2-1/2

[Event "SV Erkenschwick 1 - Herforder SV Königs"]
[Site "NRW-Klasse, Gruppe 2 2016/201"]
[Date "2016.11.13"]
[Round "3.2"]
[White "Langers, Alexander"]
[Black "Wolf, Andre"]
[Result "1-0"]
[WhiteElo "2178"]
[BlackElo "2195"]
[PlyCount "101"]
[EventDate "2016.??.??"]
[WhiteTeam "SV Erkenschwick 1"]
[BlackTeam "Herforder SV Königsspringer 1"]

1. e4 c5 2. Nf3 g6 3. d4 cxd4 4. Qxd4 Nf6 5. Nc3 Nc6 6. Qa4 d6 7. e5 dxe5 8.
Nxe5 Bd7 9. Nxd7 Qxd7 10. Be3 Bg7 11. Rd1 Qc8 12. Be2 O-O 13. O-O a6 14. Qh4
Qf5 15. g4 Qc8 16. g5 Nd7 17. Qh3 Rd8 18. Bg4 e6 19. Ne4 Nde5 20. Be2 Ne7 21.
Bc5 Nf5 22. Rxd8+ Qxd8 23. Rd1 Qc7 24. Qb3 Qc6 25. f3 h6 26. Qb6 Qxb6 27. Bxb6
hxg5 28. Nxg5 Nc6 29. c3 Bh6 30. f4 Bxg5 31. fxg5 Ne5 32. Bc7 Nc6 33. Bb6 Kf8
34. a4 Ke8 35. Kf2 Rc8 36. a5 Ne5 37. b4 Nd7 38. Bf3 Nxb6 39. axb6 Rb8 40. c4
Ne7 41. Ke3 Nf5+ 42. Kf4 Ke7 43. Ke5 Ne3 44. Rc1 Rh8 45. Bxb7 Rh4 46. Be4 Ng4+
47. Kd4 Nf2 48. b7 Rxe4+ 49. Kc3 Re3+ 50. Kc2 Re2+ 51. Kb1 1-0

[Event "SV Erkenschwick 1 - Herforder SV Königs"]
[Site "NRW-Klasse, Gruppe 2 2016/201"]
[Date "2016.11.13"]
[Round "3.3"]
[White "Pieper-Emden, Carsten"]
[Black "Van Zutphen, Jimmy"]
[Result "1/2-1/2"]
[WhiteElo "2161"]
[BlackElo "2194"]
[PlyCount "25"]
[EventDate "2016.??.??"]
[WhiteTeam "Herforder SV Königsspringer 1"]
[BlackTeam "SV Erkenschwick 1"]

1. d4 f5 2. c4 Nf6 3. Nc3 e6 4. Nf3 d5 5. Bg5 c6 6. e3 Bd6 7. Ne5 O-O 8. f4 Qe8
9. Be2 Nbd7 10. O-O Ne4 11. Nxe4 fxe4 12. c5 Be7 13. Bxe7 1/2-1/2

[Event "SV Erkenschwick 1 - Herforder SV Königs"]
[Site "NRW-Klasse, Gruppe 2 2016/201"]
[Date "2016.11.13"]
[Round "3.4"]
[White "Homs, Guust"]
[Black "Bentel, Robin"]
[Result "0-1"]
[WhiteElo "2138"]
[BlackElo "1974"]
[PlyCount "56"]
[EventDate "2016.??.??"]
[WhiteTeam "SV Erkenschwick 1"]
[BlackTeam "Herforder SV Königsspringer 1"]

1. e4 c5 2. c3 Nf6 3. e5 Nd5 4. d4 cxd4 5. Nf3 e6 6. cxd4 d6 7. a3 Nc6 8. Bc4
Be7 9. O-O O-O 10. Re1 Qc7 11. exd6 Bxd6 12. Nc3 Nxc3 13. bxc3 e5 14. Bd3 f5
15. g3 e4 16. Bc4+ Kh8 17. Ng5 Nd8 18. Qb3 h6 19. Ne6 Nxe6 20. Bxe6 f4 21. Rxe4
fxg3 22. hxg3 Bxg3 23. Be3 Bxe6 24. Rxe6 Rf5 25. Kg2 Bxf2 26. Bxf2 Qf4 27. Qc2
Qf3+ 28. Kg1 Rh5 0-1

[Event "SV Erkenschwick 1 - Herforder SV Königs"]
[Site "NRW-Klasse, Gruppe 2 2016/201"]
[Date "2016.11.13"]
[Round "3.6"]
[White "Eggenstein, Frank"]
[Black "Loemker, Michael"]
[Result "1/2-1/2"]
[WhiteElo "2010"]
[BlackElo "2028"]
[PlyCount "81"]
[EventDate "2016.??.??"]
[WhiteTeam "SV Erkenschwick 1"]
[BlackTeam "Herforder SV Königsspringer 1"]

1. e4 g6 2. d4 Bg7 3. Nc3 d6 4. f4 a6 5. Nf3 e6 6. Bd3 Ne7 7. O-O O-O 8. Be3 b5
9. e5 Bb7 10. a4 b4 11. Ne4 a5 12. Qe2 Bxe4 13. Bxe4 d5 14. Bd3 Nd7 15. Bf2 Qc8
16. Rfe1 c5 17. c3 c4 18. Bb1 Rb8 19. g4 Re8 20. f5 gxf5 21. gxf5 Nxf5 22. Nh4
Nf8 23. Nxf5 exf5 24. Qh5 bxc3 25. bxc3 Qc6 26. Bxf5 Rb2 27. Re3 Qh6 28. Qg4
Ng6 29. Rf3 Qd2 30. Rf1 Qe2 31. Re1 Qd2 32. e6 fxe6 33. Bxg6 hxg6 34. Qxg6 Re7
35. Rxe6 Rbb7 36. Rh3 Rxe6 37. Qxe6+ Rf7 38. Qe8+ Rf8 39. Qe6+ Rf7 40. Qe8+ Rf8
41. Qe6+ 1/2-1/2

[Event "SV Erkenschwick 1 - Herforder SV Königs"]
[Site "NRW-Klasse, Gruppe 2 2016/201"]
[Date "2016.11.13"]
[Round "3.7"]
[White "Hanisch, Bernd"]
[Black "Strozewski, Frank"]
[Result "1/2-1/2"]
[WhiteElo "2002"]
[BlackElo "1935"]
[PlyCount "42"]
[EventDate "2016.??.??"]
[WhiteTeam "Herforder SV Königsspringer 1"]
[BlackTeam "SV Erkenschwick 1"]

1. c4 c5 2. Nf3 Nc6 3. d4 cxd4 4. Nxd4 g6 5. g3 Bg7 6. Nc2 Nf6 7. Bg2 O-O 8.
O-O d6 9. Nc3 Be6 10. Ne3 Rc8 11. Bd2 Qd7 12. Rc1 Nh5 13. b3 f5 14. Ned5 h6 15.
e3 Kh7 16. Qe2 Nf6 17. Nxf6+ Rxf6 18. Nd5 Rff8 19. Rfd1 Nd8 20. Bc3 Bxd5 21.
Bxd5 Bxc3 1/2-1/2

[Event "SV Erkenschwick 1 - Herforder SV Königs"]
[Site "NRW-Klasse, Gruppe 2 2016/201"]
[Date "2016.11.13"]
[Round "3.8"]
[White "De Vreugt, Dennis"]
[Black "Quelle, Helmut"]
[Result "1-0"]
[WhiteElo "2384"]
[BlackElo "2031"]
[PlyCount "51"]
[EventDate "2016.??.??"]
[WhiteTeam "SV Erkenschwick 1"]
[BlackTeam "Herforder SV Königsspringer 1"]

1. e4 e6 2. d4 d5 3. Nc3 dxe4 4. Nxe4 Nd7 5. Bc4 Ngf6 6. Ng5 Nb6 7. Bd3 c5 8.
Be3 Nbd5 9. N1f3 Nxe3 10. fxe3 Be7 11. Ne5 O-O 12. O-O h6 13. Rxf6 gxf6 14.
Ngxf7 Rxf7 15. Nxf7 Kxf7 16. Qh5+ Kg7 17. Qg6+ Kf8 18. Qxh6+ Ke8 19. Bb5+ Bd7
20. Qh5+ Kf8 21. Bxd7 Qxd7 22. Qh8+ Kf7 23. Qxa8 cxd4 24. Qxa7 d3 25. Qd4 Qb5
26. a4 1-0

[Event "SG Bochum 2 - SV Kamen 1"]
[Site "NRW-Klasse, Gruppe 2 2016/201"]
[Date "2016.11.13"]
[Round "3.1"]
[White "Weidemann, Christian"]
[Black "Tkachuk, Konstantyn"]
[Result "1/2-1/2"]
[WhiteElo "2321"]
[BlackElo "2247"]
[PlyCount "31"]
[EventDate "2016.??.??"]
[WhiteTeam "SV Kamen 1"]
[BlackTeam "SG Bochum 2"]

1. e4 c5 2. c3 g6 3. Nf3 Bg7 4. d4 cxd4 5. Bc4 Nf6 6. e5 Ne4 7. cxd4 d5 8. Bb3
O-O 9. O-O Nc6 10. Re1 Qa5 11. Nbd2 Rd8 12. h3 Qb6 13. Nf1 Be6 14. Ne3 Rac8 15.
Re2 Kh8 16. Nf1 1/2-1/2

[Event "SG Bochum 2 - SV Kamen 1"]
[Site "NRW-Klasse, Gruppe 2 2016/201"]
[Date "2016.11.13"]
[Round "3.2"]
[White "Rempe, Moritz"]
[Black "Himmel, Hansjoerg"]
[Result "1/2-1/2"]
[WhiteElo "2031"]
[BlackElo "2196"]
[PlyCount "56"]
[EventDate "2016.??.??"]
[WhiteTeam "SG Bochum 2"]
[BlackTeam "SV Kamen 1"]

1. e4 c5 2. Nf3 e6 3. d4 cxd4 4. Nxd4 a6 5. Be3 Nf6 6. Nd2 Qc7 7. c4 d6 8. Be2
e5 9. Nc2 b6 10. Nb4 Bb7 11. Nd5 Nxd5 12. cxd5 Nd7 13. Rc1 Qd8 14. O-O Be7 15.
Rc3 f5 16. f3 O-O 17. b4 Rc8 18. Qc2 Rxc3 19. Qxc3 Qb8 20. Rc1 Rc8 21. Qb2
Rxc1+ 22. Qxc1 Bd8 23. a4 h6 24. Qc4 Kh8 25. Nb1 Nf6 26. Nc3 fxe4 27. fxe4 Bc7
28. h3 Qd8 1/2-1/2

[Event "SG Bochum 2 - SV Kamen 1"]
[Site "NRW-Klasse, Gruppe 2 2016/201"]
[Date "2016.11.13"]
[Round "3.3"]
[White "Luetke, Jens"]
[Black "Koellner, Ruben Gideon"]
[Result "1/2-1/2"]
[WhiteElo "2174"]
[BlackElo "1995"]
[Annotator "Hausrath,Daniel"]
[PlyCount "38"]
[EventDate "2016.??.??"]
[WhiteTeam "SV Kamen 1"]
[BlackTeam "SG Bochum 2"]

1. e4 c5 2. Nf3 Nf6 3. e5 Nd5 4. Nc3 e6 5. Nxd5 exd5 6. d4 Nc6 7. dxc5 Bxc5 8.
Be2 d6 9. exd6 Qxd6 10. O-O O-O 11. a3 a5 12. Bg5 h6 13. Bd2 Bf5 14. Ne1 Nd4
15. Bd3 Bxd3 16. Nxd3 Ne6 17. Qf3 Bb6 18. Bf4 $11 Nxf4 19. Qxf4 Qxf4 1/2-1/2

[Event "SG Bochum 2 - SV Kamen 1"]
[Site "NRW-Klasse, Gruppe 2 2016/201"]
[Date "2016.11.13"]
[Round "3.4"]
[White "Stricker, Florian"]
[Black "Kleinegger, Frank"]
[Result "1/2-1/2"]
[WhiteElo "1994"]
[BlackElo "2116"]
[PlyCount "55"]
[EventDate "2016.??.??"]
[WhiteTeam "SG Bochum 2"]
[BlackTeam "SV Kamen 1"]

1. d4 Nf6 2. c4 g6 3. Nf3 Bg7 4. g3 O-O 5. Bg2 c6 6. O-O d5 7. cxd5 cxd5 8. Nc3
Ne4 9. Bf4 Nxc3 10. bxc3 Nc6 11. Re1 b6 12. Rc1 Na5 13. Nd2 Bb7 14. e4 dxe4 15.
Nxe4 Rc8 16. h4 Qd7 17. Kh2 Bd5 18. Qe2 Qa4 19. Nf6+ Bxf6 20. Bxd5 Nc4 21. Bh6
Bg7 22. Bxg7 Kxg7 23. Qxe7 Qxa2 24. Re2 Qa5 25. Bxc4 Rxc4 26. Re5 Qa2 27. Re2
Qa5 28. Re5 1/2-1/2

[Event "SG Bochum 2 - SV Kamen 1"]
[Site "NRW-Klasse, Gruppe 2 2016/201"]
[Date "2016.11.13"]
[Round "3.5"]
[White "Kilian, Ralf"]
[Black "Tkachuk, Sergij"]
[Result "1/2-1/2"]
[WhiteElo "2110"]
[BlackElo "2102"]
[PlyCount "52"]
[EventDate "2016.??.??"]
[WhiteTeam "SV Kamen 1"]
[BlackTeam "SG Bochum 2"]

1. d4 Nf6 2. Nf3 g6 3. g3 Bg7 4. Bg2 O-O 5. c4 d6 6. O-O c6 7. Nc3 Qc7 8. h3 a5
9. e4 e5 10. Be3 Na6 11. Re1 Be6 12. b3 h6 13. Rc1 Rfd8 14. Qc2 Rac8 15. Qb1 c5
16. Nb5 Qb8 17. Nxd6 cxd4 18. Nxc8 dxe3 19. Ne7+ Kf8 20. Nd5 exf2+ 21. Kxf2
Qa7+ 22. Ne3 Nc5 23. Kg1 Nd3 24. Rcd1 Nxe1 25. Rxd8+ Ke7 26. Qxe1 Kxd8 1/2-1/2

[Event "SG Bochum 2 - SV Kamen 1"]
[Site "NRW-Klasse, Gruppe 2 2016/201"]
[Date "2016.11.13"]
[Round "3.7"]
[White "Traunecker, Thomas"]
[Black "Haase, Thomas"]
[Result "1/2-1/2"]
[WhiteElo "1868"]
[BlackElo "2014"]
[PlyCount "25"]
[EventDate "2016.??.??"]
[WhiteTeam "SV Kamen 1"]
[BlackTeam "SG Bochum 2"]

1. Nf3 c5 2. e4 d6 3. Bb5+ Bd7 4. c4 Bxb5 5. cxb5 Nf6 6. Nc3 e6 7. d4 cxd4 8.
Qxd4 Nbd7 9. O-O Be7 10. Be3 O-O 11. h3 Qb8 12. Rfe1 Rd8 13. Rad1 1/2-1/2

[Event "SG Bochum 2 - SV Kamen 1"]
[Site "NRW-Klasse, Gruppe 2 2016/201"]
[Date "2016.11.13"]
[Round "3.8"]
[White "Zeldin, Leonid"]
[Black "Georg, Felix"]
[Result "1/2-1/2"]
[WhiteElo "2045"]
[BlackElo "1883"]
[Annotator "Hausrath,Daniel"]
[PlyCount "91"]
[EventDate "2016.??.??"]
[WhiteTeam "SG Bochum 2"]
[BlackTeam "SV Kamen 1"]

1. e4 e5 2. Nf3 Nc6 3. Bb5 a6 4. Ba4 g6 5. O-O Nge7 6. c3 b5 7. Bb3 Bg7 8. d4
exd4 9. cxd4 d6 10. Nc3 O-O 11. h3 Na5 12. Bg5 h6 13. Bxe7 Qxe7 14. Nd5 Qd8 15.
Rc1 c6 16. Nb4 Bb7 17. e5 c5 18. dxc5 dxc5 19. Rxc5 Qb6 20. Qd6 Qxd6 21. exd6
Nxb3 22. axb3 Rfd8 23. Rd1 $11 Bf8 24. Rc2 Rxd6 25. Rxd6 Bxd6 26. Nc6 Rc8 27.
Ncd4 Rxc2 28. Nxc2 Bd5 29. Ncd4 f5 30. Kf1 Kf7 31. Ke2 Kf6 32. h4 Bf4 33. Kd3
Bd6 34. g3 Bc5 35. Nd2 g5 36. hxg5+ hxg5 37. f4 g4 38. Ke3 Bb4 39. Kd3 Ba5 40.
Ke3 Bb4 41. Kd3 Bc5 42. Ke3 Ke7 43. Kd3 Be6 44. Nf1 Bxd4 45. Kxd4 Bxb3 46. Ke5
1/2-1/2

[Event "SK Münster 2 - Siegener SV 1"]
[Site "NRW-Klasse, Gruppe 2 2016/201"]
[Date "2016.11.13"]
[Round "3.1"]
[White "Schischke, Reinhard"]
[Black "Emunds, Hans Georg"]
[Result "1/2-1/2"]
[WhiteElo "2182"]
[BlackElo "2119"]
[Annotator "Hausrath,Daniel"]
[PlyCount "103"]
[EventDate "2016.??.??"]
[WhiteTeam "Siegener SV 1"]
[BlackTeam "SK Münster 2"]

1. d4 Nf6 2. c4 e6 3. Nf3 b6 4. a3 Bb7 5. Nc3 d5 6. cxd5 Nxd5 7. Qc2 Nd7 8. e4
Nxc3 9. bxc3 c5 10. Bd3 Qc7 11. O-O cxd4 12. cxd4 Qxc2 13. Bxc2 Rc8 14. Ba4 a6
15. Re1 b5 16. Bb3 Be7 17. Bb2 $11 O-O 18. Rad1 Rfd8 19. Nd2 Kf8 20. f4 Nb6 21.
Rc1 a5 22. Kf2 a4 23. Ba2 b4 24. axb4 Bxb4 25. Ke3 Ke7 26. Rxc8 Rxc8 27. Rb1
Bxd2+ 28. Kxd2 Bxe4 29. Ba3+ Kd7 30. Bxe6+ fxe6 31. Rxb6 Rc2+ 32. Kd1 Rxg2 33.
Rd6+ Ke7 34. d5 exd5 35. Rxd5+ Kf6 36. Rd4 Bc2+ 37. Kc1 Rxh2 38. Rd5 Bb3 39.
Rg5 Rc2+ 40. Kb1 h6 41. Rg1 g6 42. Rh1 h5 43. Rg1 Rf2 44. Bb2+ Kf5 45. Bc1 Ba2+
46. Ka1 Bf7 47. Rg5+ Ke4 48. Re5+ Kf3 49. f5 gxf5 50. Rxf5+ Kg2 51. Rxf2+ Kxf2
52. Bg5 1/2-1/2